<?xml version="1.0" encoding="UTF-8"?>
<record
    xmlns:xsi="http://www.w3.org/2001/XMLSchema-instance"
    xsi:schemaLocation="http://www.loc.gov/MARC21/slim http://www.loc.gov/standards/marcxml/schema/MARC21slim.xsd"
    xmlns="http://www.loc.gov/MARC21/slim">

  <leader>00812na  a2200265   4500</leader>
  <datafield tag="952" ind1=" " ind2=" ">
    <subfield code="a">0001</subfield>
    <subfield code="b">0001</subfield>
    <subfield code="d">2019-03-11</subfield>
    <subfield code="l">0</subfield>
    <subfield code="o">630.9561 K29k 2010</subfield>
    <subfield code="p">018976</subfield>
    <subfield code="r">2019-03-11 00:00:00</subfield>
    <subfield code="w">2019-03-11</subfield>
    <subfield code="y">BKS</subfield>
  </datafield>
  <datafield tag="999" ind1=" " ind2=" ">
    <subfield code="c">12891</subfield>
    <subfield code="d">12891</subfield>
  </datafield>
  <controlfield tag="001">17008</controlfield>
  <controlfield tag="003">MIRAKIL</controlfield>
  <controlfield tag="005">20190311141957.0</controlfield>
  <controlfield tag="008">161023b        tu            000 0      </controlfield>
  <datafield tag="020" ind1=" " ind2=" ">
    <subfield code="a">9786056063275</subfield>
  </datafield>
  <datafield tag="035" ind1=" " ind2=" ">
    <subfield code="a">17008</subfield>
  </datafield>
  <datafield tag="040" ind1=" " ind2=" ">
    <subfield code="a">Milas</subfield>
    <subfield code="b">tur</subfield>
    <subfield code="c">TR-AnCHP</subfield>
  </datafield>
  <datafield tag="041" ind1=" " ind2=" ">
    <subfield code="a">tur</subfield>
  </datafield>
  <datafield tag="082" ind1=" " ind2=" ">
    <subfield code="a">630.9561</subfield>
    <subfield code="b">K29k 2010</subfield>
  </datafield>
  <datafield tag="100" ind1=" " ind2=" ">
    <subfield code="a">Kaymak&#xE7;&#x131;, Mustafa</subfield>
  </datafield>
  <datafield tag="245" ind1=" " ind2=" ">
    <subfield code="a">K&#xFC;resel kapitalizme kar&#x15F;&#x131; tar&#x131;m yaz&#x131;lar&#x131;/</subfield>
    <subfield code="c">Mustafa Kaymak&#xE7;&#x131;.</subfield>
  </datafield>
  <datafield tag="260" ind1=" " ind2=" ">
    <subfield code="a">Antalya:</subfield>
    <subfield code="b">Yeniden Anadolu ve Rumeli M&#xFC;dafaa-i Hukuk yay&#x131;nlar&#x131;,</subfield>
    <subfield code="c">2010.</subfield>
  </datafield>
  <datafield tag="300" ind1=" " ind2=" ">
    <subfield code="a">263 s.</subfield>
    <subfield code="c">21 sm.</subfield>
  </datafield>
  <datafield tag="500" ind1=" " ind2=" ">
    <subfield code="a">Yap&#x131;t yazar&#x131;ndan imzal&#x131;d&#x131;r.</subfield>
  </datafield>
  <datafield tag="650" ind1=" " ind2="4">
    <subfield code="a">Tar&#x131;m</subfield>
    <subfield code="z">T&#xFC;rkiye</subfield>
    <subfield code="9">1098</subfield>
  </datafield>
  <datafield tag="650" ind1=" " ind2=" ">
    <subfield code="a">Tar&#x131;m politikalar&#x131;</subfield>
    <subfield code="z">T&#xFC;rkiye</subfield>
  </datafield>
  <datafield tag="650" ind1=" " ind2="4">
    <subfield code="a">AKP iktidar&#x131;</subfield>
    <subfield code="x">Tar&#x131;m politikalar&#x131;</subfield>
    <subfield code="x">Ele&#x15F;tiriler</subfield>
    <subfield code="9">1009</subfield>
  </datafield>
  <datafield tag="942" ind1=" " ind2=" ">
    <subfield code="2">ddc</subfield>
    <subfield code="c">BKS</subfield>
  </datafield>
  <datafield tag="999" ind1=" " ind2=" ">
    <subfield code="d">669</subfield>
  </datafield>
</record>
